| 000 | 00844cab a2200217 4500 | ||
|---|---|---|---|
| 001 | ABS48381 | ||
| 008 | 090401t1993 xxu||||| |||| 00| 0 eng d | ||
| 035 | _a(Sirsi) u66428 | ||
| 041 | _aeng | ||
| 110 |
_aReinforced Concrete Council _93339 |
||
| 245 | _aThink big and don`t pour away the client`s money | ||
| 260 | _c1993 | ||
| 350 | _a0 | ||
| 490 |
_aBuilding Engineer _vApril, 1993, 14-17(4) |
||
| 520 | _aThe Reinforced Concrete Council are promoting the benefits of large area pours. The Council believes that a lack of information about factors relevant to pour sizes leads to conservatism, resulting in restriction of large pours in the often erroneous belief that small is best. | ||
| 650 | _aCONCRETE | ||
| 650 | _aREINFORCED CONCRETE | ||
| 690 | _aBUILT ENVIRONMENT-BUILDING MATERIALS | ||
| 942 | _n0 | ||
| 948 | _c04/03/1997 | ||
| 999 |
_c41504 _d41504 |
||